| 000 | 00599na a2200229 4500 | ||
|---|---|---|---|
| 001 | 17588 | ||
| 003 | MIRAKIL | ||
| 005 | 20181213154916.0 | ||
| 008 | 161030b tu 000 0 | ||
| 020 | _a9944183970 | ||
| 040 |
_aMilas _btur _cTR-AnCHP |
||
| 041 | _atur | ||
| 082 |
_a327.561 _bA43b 2009 |
||
| 090 | _a327.561 A43b 2009 | ||
| 100 |
_aAkgül, Ahmet _d1949- |
||
| 245 |
_aBir devrim yaşanıyor _cAhmet Akgül |
||
| 260 |
_aİstanbul _bBilge Karınca _c2009 |
||
| 300 |
_a800 s. _c21 sm. |
||
| 490 |
_aBilge Karınca _v187 |
||
| 651 |
_aTürkiye _xDış ilişkiler |
||
| 942 |
_2ddc _cBKS |
||
| 999 |
_c2985 _d2985 |
||